000 00377 a2200109 4500
001 ART_26478
005 20260410161933.0
008 260409a
245 1 0 _aEnsayo de un modelo matemático para elaborar los criterios de inversión en el mercado de capitales
100 1 _aMota Marín, Sergio
773 0 _tInforme
_g- Año II, Nº 14 (ago. 1970)
_wREV23765
999 _c28786
_d28786